000 01186cam a2200313 a 4500
001 12969330
003 NUST-PNEC
005 20170116180654.0
008 021015s2003 ne a b 001 0 eng
010 _a 2002114345
020 _a0125031637 (acidfree paper)
035 _a(DLC) 2002114345
040 _aDLC
_cDLC
_dDLC
050 0 0 _aQC320
_b.M63 2003
082 0 0 _a621.40227 MOD
100 1 _aModest, M. F.
_q(Michael F.)
245 1 0 _aRadiative heat transfer /
_cMichael F. Modest.
250 _a2nd ed.
260 _aAmsterdam ;
_aBoston :
_bAcademic Press,
_cc2003.
300 _axxii, 822 p. :
_bill. ;
_c26 cm.
504 _aIncludes bibliographical references and indexes.
650 0 _aHeat
_xME
650 0 _aHeat
_xRadiation and absorption.
856 4 2 _3Publisher description
_uhttp://www.loc.gov/catdir/description/els031/2002114345.html
856 4 1 _3Table of contents
_uhttp://www.loc.gov/catdir/toc/els031/2002114345.html
906 _a7
_bcbc
_corignew
_d2
_eepcn
_f20
_gy-gencatlg
942 _2ddc
_cBK
999 _c60311
_d60311